| 000 | 00540 a2200181 4500 | ||
|---|---|---|---|
| 003 | OSt | ||
| 005 | 20231212114256.0 | ||
| 008 | 231212b |||||||| |||| 00| 0 eng d | ||
| 020 | _a9788126442218 | ||
| 040 | _coclc | ||
| 082 |
_a894.8123 _bBAS/B |
||
| 100 |
_aBasheer, Vaikom Muhammad _97034 |
||
| 245 |
_aBaalyakaalasakhiyum Kure Pennungalum / _cVaikom Muhammad Basheer |
||
| 250 | _a8th ed. | ||
| 260 |
_aKottayam: _bD C Books, _c2023. |
||
| 300 | _a432p. | ||
| 942 |
_2ddc _cBK _h894.8123 _iBAS/B _k894.8123 _mBAS/B |
||
| 999 |
_c44075 _d44075 |
||